| 000 | 00560nam a22001697a 4500 | ||
|---|---|---|---|
| 003 | OSt | ||
| 005 | 20260202112937.0 | ||
| 008 | 260202b |||||||| |||| 00| 0 eng d | ||
| 040 | _cMRSPTU | ||
| 041 | _aEnglish | ||
| 100 | _aNeeraj Kumar, Supervisor: Dr. Aradhana Mehta | ||
| 245 | _aFeasibility and Design of Signalisation of the Roundabout at Hanuman Chowk in Bathinda | ||
| 260 |
_bDepartment of Civil Engg. MRSPTU, Bathinda _c2005 |
||
| 650 | _aCivil Engineering | ||
| 856 | _uhttp://163.47.215.52:8080/jspui/handle/123456789/1009 | ||
| 942 |
_2ddc _cTH _n0 |
||
| 999 |
_c10818 _d10818 |
||